Estudios jurd̕icos sobre la hacienda local

Detalles Bibliográficos
Autor principal: Merino Jara, Isaac (Conductor)
Otros Autores: Manzano Silva, Elena (coord.)
Formato: Libro
Lenguaje:español
Publicado: Barcelona : Bosch, 2012
Colección:Coleccin̤ de fiscalidad (Bosch)
Materias:
Acceso en línea:Acceso restringido

MARC

LEADER 00000nam a2200000 i 4500
005 20120808130752.0
007 cr|||| ||||
008 120419s2012 sp 000 0 spa d
020 |a 9788476989777 
035 |a 6397 
040 |a BUS  |d vLex 
090 |c 3353  |d 3353 
100 1 |a Merino Jara, Isaac 
245 0 0 |a Estudios jurd̕icos sobre la hacienda local   |h [Recurso electrn̤ico] /  |c Isaac Merino Jara, director ; Elena Manzano Silva, coordinadora. 
256 |a Servicio en ln̕ea 
260 |a Barcelona :  |b Bosch,  |c 2012  
300 |a 1 recurso electrn̤ico 
490 1 |a Coleccin̤ de fiscalidad. 
506 1 |a Contenido solo disponible en los productos indicados  |d vLex Global   |d vLex Global (Academic Edition, excluding Law Schools)   |d vLex Global (U.S. Academic Edition, Law Schools)   |d vLex Global (U.S. Academic Edition, excluding Law Schools)   |d vLex Global (Academic Edition, Law Schools)  
650 0 4 |a Hacienda local   |z Espaą 
650 0 4 |a Derecho fiscal   |z Espaą 
700 1 |a Merino Jara, Isaac,  |e dir. 
700 1 |a Manzano Silva, Elena,  |e coord. 
740 0 |a vLex Libros (Servicio en ln̕ea) 
830 0 |a Coleccin̤ de fiscalidad (Bosch) 
856 4 0 |u http://vlex.com/source/estudios-juridicos-hacienda-local-6397  |z Acceso restringido 
942 |c BOOK 
999 0 |a Tax law